Countries with the Letter B in Their Name - Statistics

General Stats
  • This quiz has been taken 520 times
  • The average score is 34 of 45
Answer Stats
Hint Answer % Correct
Europe Belgium
95%
South America Bolivia
92%
Europe Bosnia and Herzegovina
92%
South America Brazil
92%
Europe Belarus
91%
North America Barbados
87%
North America Belize
86%
Africa Botswana
86%
North America Bahamas
85%
Asia Bangladesh
85%
Asia Bhutan
85%
Europe Bulgaria
85%
Asia Bahrain
84%
Africa Burkina Faso
83%
Africa Benin
82%
Europe Albania
81%
Asia Brunei
80%
Africa Burundi
79%
North America Antigua and Barbuda
78%
Africa Democratic Republic of the Congo
76%
South America Colombia
74%
North America Cuba
74%
Africa Libya
74%
Asia Azerbaijan
73%
Africa Zimbabwe
72%
Africa Gambia
71%
Africa Zambia
70%
Asia Cambodia
69%
Africa Namibia
69%
Africa Central African Republic
68%
Africa Liberia
68%
Africa Djibouti
67%
Africa Gabon
67%
North America Dominican Republic
65%
Europe Luxembourg
65%
Asia Uzbekistan
65%
Africa Mozambique
64%
Europe Czech Republic
63%
Asia Lebanon
63%
Europe Serbia
63%
Asia United Arab Emirates
62%
Africa Guinea-Bissau
60%
North America Trinidad and Tobago
59%
Oceania Kiribati
56%
Asia Saudi Arabia
56%
No matching quizzes found
Score Distribution
Percent of People with Each Score
Percentile by Number Answered
Your Score History
You have not taken this quiz